Wettest UK cities - Statistics

General Stats
  • This quiz has been taken 53 times
  • The average score is 8 of 15
Answer Stats
Rank # AAR (mm) Days of rainfall Answer % Correct
14 867.2 151.7 Manchester
96%
1 1124.3 170.3 Glasgow
91%
9 1151.9 148.6 Cardiff
89%
11 944.1 155.5 Belfast
82%
6 1024.1 152.3 Leeds
73%
12 852.6 170.5 Derry
58%
8 1099.7 150.5 Bangor
42%
4 1033.6 153.2 Preston
42%
2 1048.8 152.3 Lancaster
36%
5 1024.1 152.3 Bradford
33%
10 1138.4 149.9 St. Davids
31%
7 1061.3 151.2 Truro
24%
3 1018.7 166.6 Newry
22%
13 901.8 154.8 Lisburn
18%
15 867.1 151.7 Salford
18%
No matching quizzes found
Score Distribution
Percent of People with Each Score
Percentile by Number Answered
Your Score History
You have not taken this quiz